El ente y la esencia
Sparad:
| Huvudupphovsman: | |
|---|---|
| Materialtyp: | Bok |
| Språk: | spanska |
| Publicerad: |
Buenos Aires
Universidad de Buenos Aires. Instituto de Filosofía
1940
|
| Ämnen: | |
| Taggar: |
Lägg till en tagg
Inga taggar, Lägg till första taggen!
|
MARC
| LEADER | 00000nam a2200000 a 4500 | ||
|---|---|---|---|
| 001 | UCW9735 | ||
| 003 | CL-VaPUC | ||
| 008 | 890614e19400000AG |||||||||||||||||spa|d | ||
| 082 | 0 | 4 | |a 189.4 |b TOM |2 21 |
| 100 | |a Tomás de Aquino |d 1220-1274 |c Santo |e author |9 255832 | ||
| 245 | 1 | 3 | |a El ente y la esencia |
| 300 | |a 137 p | ||
| 942 | |c BK | ||
| 945 | |d 19890614 00:00:00 | ||
| 260 | |a Buenos Aires |b Universidad de Buenos Aires. Instituto de Filosofía |c 1940 | ||
| 650 | 0 | |a Escolasticismo |9 264998 | |
| 650 | 0 | |a Tomismo |9 259214 | |
| 583 | |a last modification |c 19890614 00:00:00 |k Rodrigo Vera | ||
| 999 | |c 221636 |d 221634 | ||
| 952 | |0 0 |1 0 |4 0 |6 189_400000000000000_TOM_1940 |7 0 |8 A |9 215314 |a BIBEDU |b BIBEDU |d 2019-11-15 |i 1566423 |o 189.4 TOM 1940 |p 1566423 |r 2019-11-15 |w 2019-11-15 |y BK |k FIL | ||